| 000 | 00825nam a22002297a 4500 | ||
|---|---|---|---|
| 999 |
_c18379 _d18379 |
||
| 003 | AR-CdUCM | ||
| 008 | 190513b ||||| |||| 00| 0 spa d | ||
| 040 |
_aMUNICIPALIDAD PROVINCIAL DEL CUSCO _cBIBLIOTECA MUNICIPAL DEL CUSCO |
||
| 041 | _hger | ||
| 082 |
_a551 / _bK25 |
||
| 100 |
_aKatscher, F. _938926 |
||
| 245 | _aLas fuerzas de la naturaleza / | ||
| 260 |
_aBarcelona : _bZeus, _c1965. |
||
| 300 |
_a726 páginas ; _bfiguras, láminas, ilustraciones, tablas, _c21 cm. |
||
| 505 | _aContenido: ¿Qué es el calor? -- ¿Qué es la energía? -- ¿Qué es la electricidad? -- ¿Qué es la luz? -- ¿Qué es la materia?. | ||
| 650 |
_aMateria _9883 |
||
| 650 |
_aEnergía _915841 |
||
| 650 |
_aNaturaleza _94241 |
||
| 700 |
_aGodo Costa, Juan (traducción) _938927 |
||
| 942 |
_2ddc _cLIBROS |
||
| 945 |
_aachl _d2019-05-13 |
||